000 00805nam a22002417a 4500
001 39333
003 UA-OsUOA
005 20220707125729.0
007 ta
008 20080403b un ||||| |||| 00| 0 ukr d
040 _aUA-OsUOA
_bukr
_cUA-OsUOA
_dUA-OsUOA
041 _aukr
080 _a050
090 _a050
_bК17
245 _aКалендар "Поступу"
_n1966: Р. 6; 1967: Р. 7;
260 _aВінніпег
310 _a1967
650 7 _a050 Серійні публікації. Періодика галузі, Організація та інші типи поєднання (співробітництва)
_2UDC
942 _cMG
_2udc
955 _a4
999 _c437728
_d437728